[Event "10th EICC"]
[Site "Budva MNE"]
[Date "2009.03.11"]
[Round "6"]
[White "Dobrov,V"]
[Black "Andriasian,Z"]
[Result "0-1"]
[WhiteElo "2510"]
[BlackElo "2564"]

1.d4 d5 2.c4 c6 3.Nc3 Nf6 4.e3 e6 5.Nf3 Nbd7 6.Bd3 dxc4 7.Bxc4 b5 8.Bd3 Bd6
9.g4 b4 10.g5 bxc3 11.gxf6 gxf6 12.bxc3 c5 13.Nd2 cxd4 14.Nc4 Nc5 15.Nxd6+ Qxd6
16.Bb5+ Bd7 17.Bxd7+ Qxd7 18.cxd4 Ne4 19.f3 Nd6 20.Rg1 Rc8 21.Qd3 Qa4 22.Qb3 Qc6
23.Ke2 Kd7 24.Bd2 Qa6+ 25.Qd3 Qxd3+ 26.Kxd3 e5 27.Bb4 Ke6 28.Rab1 Rhd8 29.Rgc1 f5
30.Rxc8 e4+ 31.Ke2 Rxc8 32.Bc5 Kd5 33.Rb4 h5 34.Kf2 h4 35.Ra4 Rb8 36.Bb4 Nc4
37.a3 a5 38.fxe4+ Kxe4 39.Be7 Rb2+ 40.Ke1 Kxe3 41.Bg5+ f4 42.d5  0-1

[Event "10th EICC w"]
[Site "St Petersburg RUS"]
[Date "2009.03.11"]
[Round "4"]
[White "Kiseleva,A"]
[Black "Alekseeva,A"]
[Result "0-1"]
[WhiteElo "1830"]
[BlackElo "2039"]

1.d4 d5 2.c4 e6 3.Nf3 Nf6 4.Nc3 c6 5.e3 Nbd7 6.Qc2 Bd6 7.Bd2 O-O 8.e4 dxe4
9.Nxe4 Nxe4 10.Qxe4 e5 11.dxe5 Nxe5 12.Nxe5 Bxe5 13.O-O-O Qf6 14.Qc2 Bf5
15.Qb3 b5 16.c5 a5 17.f4 Bd4 18.Be2 Bxc5 19.g4 Be4 20.g5 Qf5 21.Bf3 Bb1 22.Bg4 Bxa2
23.Qxb5 Qb1+  0-1

[Event "10th EICC"]
[Site "Budva MNE"]
[Date "2009.03.12"]
[Round "7"]
[White "Bosiocic,Mari"]
[Black "Fressinet,L"]
[Result "0-1"]
[WhiteElo "2578"]
[BlackElo "2666"]

1.d4 d5 2.c4 c6 3.Nf3 Nf6 4.Nc3 e6 5.e3 Nbd7 6.Qc2 Bd6 7.g4 h6 8.h3 e5 9.Bd2 O-O
10.O-O-O e4 11.Nh4 Re8 12.Nf5 Bf8 13.f3 exf3 14.cxd5 cxd5 15.Bd3 Nb6 16.Rhf1 Be6
17.Rxf3 Rc8 18.Kb1 Ne4 19.Qb3 Bd7 20.Bb5 Bxb5 21.Qxb5 Nc4 22.Nxe4 dxe4 23.Rf2 Re6
24.Rc1 Na3+ 25.bxa3 Rb6 26.Qb3 Bxa3 27.Rc3 Rxc3 28.Bxc3 Rxb3+ 29.axb3 Qd5
30.Ka2 Bf8 31.Ng3 Qd6 32.Nxe4 Qa3+ 33.Kb1 Qxb3+  0-1

[Event "10th EICC"]
[Site "Budva MNE"]
[Date "2009.03.12"]
[Round "7"]
[White "Hillarp Persson,T"]
[Black "Grachev,B"]
[Result "0-1"]
[WhiteElo "2586"]
[BlackElo "2655"]

1.d4 d5 2.c4 c6 3.Nf3 Nf6 4.Nc3 e6 5.e3 Nbd7 6.Qc2 Bd6 7.b3 b6 8.Bd3 Bb7
9.Bb2 O-O 10.O-O c5 11.cxd5 exd5 12.Rad1 Re8 13.Rfe1 Qe7 14.Bf5 Rad8 15.g3 g6
16.Bh3 a6 17.a4 cxd4 18.Nxd4 Bb4 19.Rc1 Ne5 20.Bg2 Rc8 21.Qb1 Ne4 22.Nxe4 dxe4
23.Rxc8 Rxc8 24.Rd1 Nd3 25.Rxd3 exd3 26.Qxd3 Bxg2 27.Kxg2 Qb7+ 28.Nf3 Be7
29.e4 b5 30.axb5 Qxb5 31.Qd4 f6 32.e5 Rf8 33.Qe3 Qd5 34.exf6 Bxf6 35.Ba3 Rb8
36.Bc5 Qxb3 37.Qf4 Bg7 38.Qe4 Rd8 39.Be7 Qd5 40.Qa4 Rd7  0-1

[Event "10th EICC"]
[Site "Budva MNE"]
[Date "2009.03.12"]
[Round "7"]
[White "Maslak,K"]
[Black "Kreisl,R"]
[Result "1-0"]
[WhiteElo "2541"]
[BlackElo "2394"]

1.d4 d5 2.c4 c6 3.Nc3 Nf6 4.e3 e6 5.Nf3 Nbd7 6.Qc2 Bd6 7.g4 h6 8.h3 e5 9.cxd5 Nxd5
10.dxe5 Nb4 11.Qb1 Nxe5 12.Nxe5 Bxe5 13.a3 Bxc3+ 14.bxc3 Nd5 15.c4 Nf6 16.Qc2 h5
17.gxh5 Rxh5 18.Bd3 Bf5 19.Bxf5 Qa5+ 20.Bd2 Qxf5 21.Qxf5 Rxf5 22.Ke2 O-O-O
23.f3 Rh5 24.Rhg1 g6 25.Bc3 Ne8 26.Rg4 Nd6 27.Rf4 Nf5 28.Be1 Re8 29.Bf2 b6
30.h4 Rd8 31.Rc1 Nd6 32.e4 f5 33.c5 bxc5 34.e5 Nb7 35.Rg1 Rd5 36.Rxg6 Rxe5+
37.Kf1 Kc7 38.Ra4 a5 39.Bg3 f4 40.Bxf4 Kb6 41.Bxe5 Rxe5 42.Re4 Rf5 43.Ke2  1-0

[Event "10th EICC w"]
[Site "St Petersburg RUS"]
[Date "2009.03.13"]
[Round "6"]
[White "Tsatsalashvili,K"]
[Black "Girya,O"]
[Result "1/2-1/2"]
[WhiteElo "2231"]
[BlackElo "2315"]

1.d4 d5 2.c4 c6 3.Nf3 Nf6 4.Nc3 e6 5.e3 Nbd7 6.Bd3 dxc4 7.Bxc4 b5 8.Bd3 a6
9.a4 b4 10.Ne4 Bb7 11.Nxf6+ Nxf6 12.Qe2 c5 13.dxc5 Bxc5 14.e4 h6 15.O-O O-O
16.e5 Nd7 17.Bf4 a5 18.Rfd1 Qe7 19.Nd2 Rfd8 20.Ne4 Bxe4 21.Bxe4 Rac8 22.Rd3 Qh4
23.g3 Qe7 24.h4 Nf8 25.Rad1 Rxd3 26.Qxd3 Qa7 27.Rd2 Rc7 28.Qd8 Rd7 29.Rxd7 Qxd7
30.Qxd7 Nxd7 31.Bc6 Nb6 32.b3 Kf8 33.Kf1 Ke7 34.Ke2 Nd5 35.Bd2 Nc3+ 36.Ke1 Bd4
37.f4 h5 38.Bf3 g6 39.g4 hxg4 40.Bxg4 f6 41.exf6+ Kxf6 42.Bxc3 bxc3 43.Kd1 Be3
44.Kc2 Bxf4 45.Kxc3 Bd6 46.Kd4 Bg3 47.h5 e5+ 48.Ke4 Kg5 49.hxg6 Kxg6 50.Be6  1/2-1/2

[Event "10th EICC"]
[Site "Budva MNE"]
[Date "2009.03.14"]
[Round "8"]
[White "Smirnov,Arte"]
[Black "Stanojoski,Z"]
[Result "1-0"]
[WhiteElo "2449"]
[BlackElo "2493"]

1.d4 d5 2.c4 c6 3.Nf3 e6 4.e3 Nf6 5.Nc3 Nbd7 6.Bd3 dxc4 7.Bxc4 b5 8.Bd3 a6
9.e4 c5 10.e5 cxd4 11.Nxb5 Ng4 12.Qa4 Bb7 13.Nbxd4 Qb6 14.O-O Bc5 15.h3 Nxf2
16.Rxf2 Bxf3 17.Rxf3 Bxd4+ 18.Kh1 Ra7 19.Bd2 O-O 20.Ba5 Qc5 21.Bb4 Qxe5 22.Re1 Nc5
23.Rxe5 Nxa4 24.Ra5 Nxb2 25.Bxf8 Kxf8 26.Rxa6 Rc7 27.Bb5 e5 28.Rc6 Ra7 29.Ra6 Rb7
30.a4 Ke7 31.g4 f6 32.Rf1 Rc7 33.Rc6 Rxc6 34.Bxc6 Nc4 35.Rc1 Na5 36.Be4 Kd6
37.Bxh7 Kd5 38.Kg2 e4 39.h4 e3 40.Kf3 Kd6 41.Rc8 Nc6  1-0

[Event "10th EICC"]
[Site "Budva MNE"]
[Date "2009.03.14"]
[Round "8"]
[White "Cvitan,O"]
[Black "Fernandes,Ant"]
[Result "1-0"]
[WhiteElo "2542"]
[BlackElo "2422"]

1.d4 d5 2.c4 c6 3.Nf3 Nf6 4.Nc3 e6 5.e3 Bd6 6.Bd3 Nbd7 7.e4 dxe4 8.Nxe4 Nxe4
9.Bxe4 e5 10.O-O exd4 11.Qxd4 Qf6 12.Bg5 Qxd4 13.Nxd4 Nc5 14.Bc2 Ne6 15.Nf5 Bc5
16.Rfe1 O-O 17.Be7 Bxe7 18.Nxe7+ Kh8 19.Rad1 g6 20.b4 Re8 21.Nxc8 Raxc8 22.c5 Nd4
23.Bd3 Kg7 24.Rxe8 Rxe8 25.Kf1 Kf6 26.Bxg6 hxg6 27.Rxd4 Ra8  1-0

[Event "10th EICC"]
[Site "Budva MNE"]
[Date "2009.03.14"]
[Round "8"]
[White "Bocharov,D"]
[Black "Sjugirov,S"]
[Result "1/2-1/2"]
[WhiteElo "2647"]
[BlackElo "2562"]

1.d4 d5 2.c4 e6 3.Nf3 Nf6 4.Nc3 c6 5.e3 Nbd7 6.Qc2 Bd6 7.g4 h6 8.Rg1 e5 9.cxd5 cxd5
10.h4 e4 11.Nd2 g5 12.hxg5 hxg5 13.Nb3 a6 14.Bd2 Nb6 15.a4 Be6 16.a5 Nbd7
17.Be2 Rc8 18.O-O-O Nb8 19.Kb1 Nc6 20.Nc5 Bxc5 21.dxc5 Qe7 22.Na2 d4 23.exd4 Nxd4
24.Qa4+ Qd7 25.c6 Rxc6 26.Bc3 Rxc3 27.Qxd7+ Bxd7 28.Nxc3 Nxe2 29.Nxe2 Bxg4
30.Rde1 Rh2 31.Nd4 Kd7 32.Rgf1 Rh3 33.Re3 Kd6 34.Kc1 Ke5 35.Nb3 Nd5 36.Rxh3 Bxh3
37.Rg1 f6 38.Nc5 Bc8 39.Kd2 b6 40.axb6 Nxb6 41.Rh1 Kd5 42.b4 a5 43.Kc3 axb4+
44.Kxb4 Ke5 45.Rh8 Bf5 46.Re8+ Kf4 47.Ne6+ Kg4 48.Kc5 Nd7+ 49.Kd5 Ne5 50.Nd4 Nd3
51.Rf8 Nf4+ 52.Kc4 Nh5 53.Kc3 Kf4 54.Kd2 Bg4 55.Ra8 Ng7 56.Ra6 Nf5 57.Ne6+ Kf3
58.Nc5 Kxf2 59.Nxe4+ Kf3 60.Nxf6 Bh3 61.Ra3+ Kg2 62.Ra5 Kg3 63.Ra4 g4 64.Ke2 Nh4
65.Nh5+ Kh2 66.Kf2 Nf5 67.Ra2 Bg2 68.Ra3 Bf3 69.Ra5 Be4 70.Ra3 Bd5 71.Ra7 Be4
72.Rh7 Ng3 73.Rh6 Nh1+ 74.Ke3 Bf3 75.Ra6 Kh3 76.Nf4+ Kh4 77.Ra5 Kg3 78.Nd3 Bb7
79.Rg5 Bg2 80.Rf5 Ba8 81.Ne5 Bg2 82.Rf8 Bh3 83.Nd3 Bg2 84.Ne1 Bb7 85.Nc2 Kg2
86.Rb8 Bc6 87.Nd4 Bd5 88.Rb2+ Kh3 89.Ne2 Kh4 90.Rb5 Bc6 91.Rc5 Bf3 92.Nd4 Bg2
93.Nf5+ Kh3 94.Rc7 Ba8 95.Ra7 Bc6 96.Ra6 Bb7 97.Rb6 Ba8 98.Kf4 Nf2 99.Rd6 Kh2
100.Ne3 g3 101.Rh6+ Kg1 102.Kxg3 Ne4+ 103.Kf4 Nc3 104.Nf5 Kf2 105.Rh2+ Bg2
106.Ke5 Kg1 107.Rh8 Kf2 108.Rc8 Ne2 109.Rc2 Bf3 110.Ra2 Bg4 111.Nd6 Bf3 112.Nc4 Kg3
113.Ra7 Bg2 114.Rg7+ Kf2 115.Rf7+ Kg3 116.Ne3 Bf3 117.Nf5+ Kg4 118.Rg7+ Kh3
119.Ne3 Kh2 120.Kf5 Nd4+ 121.Ke5 Ne2 122.Nf1+ Kh3 123.Nd2 Ba8 124.Rg8 Bb7
125.Nc4 Bf3 126.Kf5 Bd5 127.Rh8+ Kg3 128.Ne3 Bf3 129.Kg5 Kf2 130.Nc2 Kg3
131.Ne3 Kf2 132.Nf5 Ke1 133.Rf8 Be4 134.Nd6 Bd3 135.Kg4 Kd2 136.Kf3 Nd4+
137.Kf2 Nc2 138.Rc8 Ne3 139.Rd8 Nd1+ 140.Kf3 Kc2 141.Nb7 Nc3 142.Ke3 Nd1+
143.Kd4 Be2 144.Nc5 Kd2 145.Ne4+ Kc2 146.Rc8+ Kb3 147.Nd2+ Kb2 148.Rc6 Bg4
149.Nc4+ Kb3 150.Rb6+ Kc2 151.Rc6 Kb3 152.Kd3 Bf5+ 153.Kd2  1/2-1/2

[Event "10th EICC"]
[Site "Budva MNE"]
[Date "2009.03.14"]
[Round "8"]
[White "Aleksandrov,A"]
[Black "Perunovic,Mil"]
[Result "1-0"]
[WhiteElo "2636"]
[BlackElo "2568"]

1.d4 d5 2.c4 c6 3.Nc3 Nf6 4.e3 e6 5.Nf3 Nbd7 6.Qc2 Bd6 7.g4 O-O 8.g5 Nh5
9.h4 a6 10.Be2 g6 11.Bd2 b5 12.c5 Bc7 13.O-O-O b4 14.Na4 a5 15.Nh2 e5 16.Bxh5 gxh5
17.Rdg1 Kh8 18.Qd1 exd4 19.exd4 Ba6 20.Qxh5 Qb8 21.Nf3 b3 22.a3 Qb5 23.Qg4 Rae8
24.Ne1 Re4 25.Qh3 Qxa4 26.Qxd7 Qc4+ 27.Kb1 Re2 28.Bc3 Bc8 29.Qxc7 Bf5+ 30.Nc2 Bxc2+
31.Ka1 Qxc3 32.bxc3 Be4 33.Qe5+ Kg8 34.Qxe4 dxe4 35.Re1 Ra2+ 36.Kb1 f5 37.gxf6 Rxf6
38.Rhf1 Rf4 39.a4 Kf7 40.h5 Rc2 41.Re3 Rf3 42.Rxe4 Rcxc3 43.Rc1 Rxc1+ 44.Kxc1 Rxf2
45.Re3 b2+ 46.Kb1 Rd2 47.Re4 Kf6 48.h6 Rh2 49.Re8 Rxh6 50.Kxb2 Kf5 51.Rc8 Ke4
52.Kc3 Rg6 53.Kc4 h5 54.d5 cxd5+ 55.Kb5 d4 56.c6 Kd3 57.Rd8 Rg7 58.Kc5 Kc3
59.Rxd4 Kb3 60.Rh4  1-0

[Event "FIDE Women's Grand Prix"]
[Site "Instanbul TUR"]
[Date "2009.03.14"]
[Round "7"]
[White "Danielian,E"]
[Black "Cramling,P"]
[Result "1/2-1/2"]
[WhiteElo "2496"]
[BlackElo "2548"]

1.d4 d5 2.c4 c6 3.Nc3 Nf6 4.e3 e6 5.Nf3 a6 6.c5 Nbd7 7.b4 g6 8.Bb2 Bg7 9.Be2 O-O
10.O-O Qe7 11.Na4 Ne4 12.Ne5 Rb8 13.Nxd7 Qxd7 14.f3 Nf6 15.Qc2 Qc7 16.Rad1 Nd7
17.e4 b5 18.cxb6 Nxb6 19.Nc5 Qa7 20.e5 Nd7 21.Bc3 Nxc5 22.bxc5 a5 23.Qa4 Ba6
24.Qxa5 Ra8 25.Rf2 Rfb8 26.Qxa6 Qxa6 27.Bxa6 Rxa6 28.Rc2 Ra4 29.Kf1 f6 30.exf6 Bxf6
31.Ke2 Rba8 32.Kd3 Rb8 33.Rdd2 Rc4 34.Rb2 Ra8 35.Rb4 Rxb4 36.Bxb4 e5 37.dxe5 Bxe5
38.g3 Kf7 39.Re2 Bf6 40.a3 h5 41.f4 Rb8 42.h3 Rb5 43.g4 hxg4 44.hxg4 Be7
45.Rc2 Bf8 46.Kd4 Bg7+ 47.Kd3 Bf8 48.Kd4 Bg7+ 49.Kd3  1/2-1/2

[Event "10th EICC w"]
[Site "St Petersburg RUS"]
[Date "2009.03.14"]
[Round "7"]
[White "Demina,J"]
[Black "Solovjova,V"]
[Result "1-0"]
[WhiteElo "2361"]
[BlackElo "2324"]

1.d4 d5 2.Nf3 Nf6 3.c4 c6 4.Nc3 e6 5.e3 Nbd7 6.Qc2 Bd6 7.b3 O-O 8.Be2 a6
9.O-O e5 10.cxd5 cxd5 11.dxe5 Nxe5 12.Bb2 Be6 13.Nd4 Rc8 14.Nxe6 fxe6 15.Qd2 Nfg4
16.g3 Bc5 17.Na4 Bd6 18.f4 b5 19.fxe5 Nxe5 20.Rxf8+ Qxf8 21.Rf1 Qd8 22.Nc3 Bc5
23.Nxb5 Qg5 24.Nd4 Nc6 25.Bxa6 Ra8 26.Bb7 Rxa2 27.Bxc6 h5 28.Kh1 Qe5 29.Nxe6 Rxb2
30.Qxd5  1-0

[Event "10th EICC w"]
[Site "St Petersburg RUS"]
[Date "2009.03.14"]
[Round "7"]
[White "Turova,I"]
[Black "Zakurdjaeva,I"]
[Result "1-0"]
[WhiteElo "2379"]
[BlackElo "2295"]

1.d4 d5 2.c4 c6 3.Nc3 e6 4.e3 Nf6 5.Nf3 Nbd7 6.Qc2 Bd6 7.b3 O-O 8.Be2 Re8
9.O-O a6 10.Bb2 b5 11.a3 Bb7 12.Rfd1 Qe7 13.e4 dxe4 14.Nxe4 Nxe4 15.Qxe4 Rab8
16.c5 Bc7 17.b4 Nf6 18.Qc2 Nd5 19.Bd3 h6 20.Be4 Rbd8 21.Ne5 a5 22.bxa5 Bxa5
23.Bh7+ Kf8 24.Bg6 Bc7 25.Nxf7 Rb8 26.Ne5 Red8 27.Bh7 Bxe5 28.dxe5 Qg5 29.g3 Rd7
30.Qe4 Rf7 31.Bg6 Rf4 32.Qd3 Ra4 33.Be4 Rd8 34.h4 Qe7 35.Rac1 Kg8 36.Qe2 Raa8
37.Qh5 Qf7 38.Bh7+ Kf8 39.Bg6 Qe7 40.Rd3 Kg8 41.Be4 Qe8 42.Qg4 Ra4 43.Rd4 Rxd4
44.Bxd4 Bc8 45.Bc2 Ne7 46.Qe4 Qh5 47.Bc3 Rd5 48.Bb3 Rd8 49.Ba5 Rf8 50.Bc7 Qf3
51.Qxf3 Rxf3 52.Rb1 Nd5 53.Bd6 Kf7 54.Rb2 Ba6 55.h5 g6 56.hxg6+ Kxg6 57.Bc2+ Kf7
58.a4 Ra3 59.axb5 Bxb5 60.Kg2 Nc3 61.Rb4 Nd5 62.Re4 Rc3 63.Bd1 Rc4 64.Bh5+ Kg7
65.Re1 Ra4 66.Be2 Kg6 67.Bf3 Nc3 68.Rh1 Kg7 69.Be7 Nd5 70.Bf6+ Nxf6 71.exf6+ Kg6
72.f7 Kxf7 73.Rxh6 Rc4 74.Rh5 Kf6 75.Be2 Rc2 76.Bxb5 cxb5 77.c6 Rxc6 78.Rxb5 Rc2
79.Kf3 Ra2 80.Rb8 Rc2 81.Rf8+ Kg7 82.Rf4 Kg6 83.Ke4 Rc5 84.Rf3 Ra5 85.Rd3 Kf6
86.f4 Ra4+ 87.Kf3 Ra1 88.g4 Rf1+ 89.Ke4 Re1+ 90.Re3 Ra1 91.g5+ Kf7 92.Re2 Rb1
93.Rh2 Re1+ 94.Kf3 Rf1+ 95.Kg3 e5 96.fxe5 Kg6 97.Kg4 Rg1+ 98.Kf4 Rxg5 99.Rh8 Rf5+
100.Ke4 Rf1 101.Kd5 Kf7 102.Rh7+ Kf8 103.Ke6 Ra1 104.Rh8+ Kg7 105.Rd8 Ra6+
106.Ke7 Ra7+ 107.Rd7 Ra8 108.e6 Kg6 109.Rc7 Ra6 110.Kd7 Ra1 111.e7 Rd1+ 112.Ke8 Kg7
113.Rc2 Ra1 114.Rg2+ Kh7 115.Rg4  1-0

[Event "10th EICC"]
[Site "Budva MNE"]
[Date "2009.03.15"]
[Round "9"]
[White "Prohaszka,P2"]
[Black "Potkin,V"]
[Result "0-1"]
[WhiteElo "2512"]
[BlackElo "2613"]

1.d4 d5 2.c4 c6 3.Nc3 Nf6 4.e3 e6 5.Nf3 Nbd7 6.Qc2 Bd6 7.g4 h6 8.h3 a6 9.Rg1 dxc4
10.e4 e5 11.Bxc4 b5 12.Be2 c5 13.d5 c4 14.Be3 Qe7 15.a4 Rb8 16.axb5 axb5
17.Kf1 Nc5 18.Kg2 h5 19.g5 Nh7 20.Kh2 Nf8 21.Nh4 Ng6 22.Bxc5 Nxh4 23.Ra7 Bd7
24.Bxd6 Qxd6 25.Qd2 Ng6 26.Rga1 Nf4 27.Bf1 Rd8 28.h4 O-O 29.R1a6 Qc5 30.Kg1 f6
31.gxf6 Rxf6 32.Rxf6 Qxa7 33.Rxf4 exf4 34.Qxf4 Qd4  0-1

[Event "10th EICC"]
[Site "Budva MNE"]
[Date "2009.03.16"]
[Round "10"]
[White "Aleksandrov,A"]
[Black "Grachev,B"]
[Result "0-1"]
[WhiteElo "2636"]
[BlackElo "2655"]

1.d4 d5 2.c4 c6 3.Nc3 Nf6 4.e3 e6 5.Nf3 Nbd7 6.Bd3 dxc4 7.Bxc4 b5 8.Bd3 Bd6
9.Ng5 Bb7 10.Bd2 h6 11.Nge4 Be7 12.Qc2 O-O 13.O-O Rc8 14.Nxf6+ Nxf6 15.Ne4 c5
16.Nxf6+ gxf6 17.Qd1 f5 18.Re1 Bf6 19.Qh5 Bg7 20.e4 fxe4 21.Bxe4 Bxe4 22.Rxe4 Qd5
23.Qe2 cxd4 24.Rg4 Kh7 25.h3 f5 26.Rh4 Rf6 27.a4 Rg6 28.g3 d3 29.Qe3 Rc4
30.Rxc4 bxc4 31.Qxa7 e5 32.Kh2 f4 33.Rg1 Qf3 34.Bc3 Qe2 35.g4 d2 36.Qd7 Qxf2+
37.Rg2 Qe3 38.Qxd2 Qd3 39.Qe1 Re6 40.Rd2 Qg6 41.Qe2 h5 42.Rd7 hxg4 43.hxg4 Kh6
44.a5 Kg5 45.Kg2 Re8 46.Qxc4 Rh8 47.a6 Qc2+ 48.Rd2 Qb1 49.Qf1 Qe4+ 50.Qf3 Rh2+
51.Kxh2 Qxf3 52.Bb4 Bf8  0-1

[Event "10th EICC w"]
[Site "St Petersburg RUS"]
[Date "2009.03.16"]
[Round "8"]
[White "Demina,J"]
[Black "Ushenina,A"]
[Result "1/2-1/2"]
[WhiteElo "2361"]
[BlackElo "2499"]

1.Nf3 Nf6 2.c4 e6 3.Nc3 d5 4.d4 c6 5.e3 Nbd7 6.Qc2 Bd6 7.b3 O-O 8.Be2 b6
9.O-O Bb7 10.Bb2 Qe7 11.Rad1 Rad8 12.Rfe1 Rfe8 13.h3 c5 14.cxd5 exd5 15.dxc5 bxc5
16.Kf1 h6 17.Qf5 Bb8 18.Ba3 Ne4 19.Nxd5 Bxd5 20.Qxd5 Nb6 21.Qh5 Bg3 22.Bxc5 Nxc5
23.Rxd8 Rxd8 24.fxg3 Ne4 25.Qe5 Qxe5 26.Nxe5 Rd2 27.a4 Nxg3+ 28.Kf2 Ne4+
29.Kg1 Rb2 30.a5 Nc8 31.Bd3 Ncd6 32.Rb1 Ra2 33.b4 g5 34.Nc6 Nc3 35.Rb3 Nd5
36.Bb1 Ra1 37.Kf2 Nc4 38.e4 Nd2 39.Rb2 Nxb4 40.Rxb4 Nxb1 41.Rb7 a6 42.Rb6 Nc3
43.Rxa6 Nxe4+ 44.Ke3 Nc5 45.Ra7 Ra4 46.Ne7+ Kg7 47.Nf5+ Kg6 48.Nd6 f5 49.Ra8 f4+
50.Kf3 Ra3+ 51.Ke2 Re3+ 52.Kf1 Ra3 53.Nc4 Ra4 54.Ne5+ Kf5 55.Ng4 h5 56.Nf2 Ra1+
57.Ke2 Ra2+ 58.Kf1 Ke5 59.Re8+ Ne6 60.Ne4 Kxe4 61.Rxe6+ Kf5 62.Rh6 h4 63.a6 Ke5
64.Rg6 Kf5  1/2-1/2

[Event "10th EICC w"]
[Site "St Petersburg RUS"]
[Date "2009.03.16"]
[Round "8"]
[White "Tsatsalashvili,K"]
[Black "Dolzhikova,K"]
[Result "0-1"]
[WhiteElo "2231"]
[BlackElo "2294"]

1.d4 d5 2.c4 c6 3.Nf3 Nf6 4.Nc3 e6 5.e3 Nbd7 6.Bd3 dxc4 7.Bxc4 b5 8.Bd3 Bb7
9.O-O a6 10.a4 b4 11.Nb1 c5 12.Nbd2 cxd4 13.exd4 a5 14.Qe2 Be7 15.Re1 O-O
16.Nc4 Nb6 17.Nce5 Qd5 18.Bg5 Rac8 19.Qd1 Ba8 20.b3 h6 21.Be3 Rfd8 22.Qd2 Bf8
23.Rab1 Qd6 24.Bf4 Nbd5 25.Bg3 Qb6 26.Nc4 Qa7 27.Be5 Nc3 28.Rbc1 Be7 29.Qf4 Bd5
30.Nfd2 Nd7 31.Nd6 Nxe5 32.Nxc8 Nxd3 33.Qe3 Rxc8 34.Qxd3 Bg5 35.h3 Bxd2 36.Qxd2 Bxb3
37.Re3 Bxa4 38.Rce1 Rd8 39.Rg3 Kh8 40.Rg4 Bb5 41.Re5 Ne2+ 42.Kh2 Rxd4 43.Qe3 Qd7
44.f4 a4 45.Rh5 f5 46.Rgg5 Qd6 47.Rh4 Nxf4 48.Qg3 Qe5 49.Rgh5 Kh7 50.Rg5 a3
51.Rhg4 hxg5  0-1

[Event "FSGM March"]
[Site "Budapest HUN"]
[Date "2009.03.17"]
[Round "11"]
[White "Duong The Anh"]
[Black "Nguyen Huynh Minh Huy"]
[Result "1/2-1/2"]
[WhiteElo "2418"]
[BlackElo "2465"]

1.d4 d5 2.Nf3 Nf6 3.c4 e6 4.Nc3 c6 5.e3 Nbd7 6.Qc2 Bd6 7.b3 O-O 8.Be2 Qe7
9.Bb2 Re8 10.O-O dxc4  1/2-1/2

[Event "SPICE Spring Inv"]
[Site "Lubbock USA"]
[Date "2009.03.17"]
[Round "3"]
[White "Gareev,T"]
[Black "Robson,R"]
[Result "1-0"]
[WhiteElo "2580"]
[BlackElo "2455"]

1.Nf3 d5 2.c4 e6 3.d4 Nf6 4.Nc3 c6 5.e3 Nbd7 6.Qc2 Bd6 7.b3 O-O 8.Bb2 e5
9.Be2 e4 10.Nd2 a6 11.g4 b5 12.g5 Ne8 13.h4 Bb7 14.c5 Bc7 15.O-O-O Qe7 16.b4 f5
17.Kb1 g6 18.h5 Ng7 19.hxg6 hxg6 20.Rdg1 Rfe8 21.Nxd5 cxd5 22.c6 Bc8 23.cxd7 Qxd7
24.Rh6 Kf7 25.Nb3 Bd8 26.Nc5 Qd6 27.Qb3 f4 28.f3 Bf5 29.fxe4 Bxe4+ 30.Nxe4 Rxe4
31.Bf3 Qe6 32.exf4 Nf5 33.Rh7+ Kg8 34.Rgh1 Rc8 35.Rh8+ Kf7 36.a3 Rc4 37.Rxd8 Re3
38.Qxc4 dxc4 39.Rh7+ Ng7 40.Rxg7+ Kxg7 41.d5+  1-0

[Event "10th EICC w"]
[Site "St Petersburg RUS"]
[Date "2009.03.17"]
[Round "9"]
[White "Butuc,M"]
[Black "Zimina,O"]
[Result "0-1"]
[WhiteElo "2182"]
[BlackElo "2363"]

1.Nf3 d5 2.d4 c6 3.c4 e6 4.e3 Nf6 5.Nc3 Nbd7 6.Qc2 Bd6 7.b3 O-O 8.Be2 b6
9.O-O Bb7 10.Bb2 Re8 11.Rad1 Qc7 12.h3 Rad8 13.Rfe1 a6 14.e4 Nxe4 15.Nxe4 dxe4
16.Qxe4 c5 17.Qe3 cxd4 18.Qxd4 Nf6 19.Qh4 e5 20.Nh2 Bb4 21.Rf1 Qc6 22.Nf3 e4
23.Nd4 Qc8 24.Nc2 Be7 25.Qg3 Rxd1 26.Rxd1 Rd8 27.Rxd8+ Qxd8 28.Bd4 h6 29.Qc3 Ne8
30.b4 Bf6 31.c5 bxc5 32.Qxc5 Be7 33.Qc3 Nf6 34.Ne3 Nd5 35.Nxd5 Qxd5 36.Bxg7 e3
37.Bf3 exf2+ 38.Kxf2 Qxa2+ 39.Kg3 Bxf3 40.gxf3 Qb1 41.Bd4 Qg6+ 42.Kh2 Qd6+
43.Kg2 Qg6+ 44.Kh2 Qe6 45.Kg2 Bd6 46.Bf2 Qg6+ 47.Kf1 Qf5 48.Kg2 Qg5+ 49.Kf1 Qb5+
50.Kg2 Bxb4 51.Qc8+ Bf8 52.h4 Qd3 53.Qg4+ Qg6 54.Be1 h5 55.Qxg6+ fxg6 56.Kf2 Kf7
57.Ke3 Bc5+ 58.Ke4 Ke6 59.Kf4 Be7 60.Ke4 Bd8 61.Kd4 Kf5 62.Bg3 Bf6+ 63.Kd5 a5
64.Be1 a4 65.Kc4 Kf4 66.Kb4 Kxf3 67.Kxa4 Kg4  0-1

[Event "10th EICC w"]
[Site "St Petersburg RUS"]
[Date "2009.03.17"]
[Round "9"]
[White "Matveeva,S"]
[Black "Ivakhinova,I"]
[Result "1/2-1/2"]
[WhiteElo "2422"]
[BlackElo "2225"]

1.d4 d5 2.c4 c6 3.Nc3 Nf6 4.e3 e6 5.Nf3 a6 6.b3 c5 7.Bb2 Nc6 8.Be2 cxd4 9.exd4 Be7
10.O-O O-O 11.Rc1 Bd7 12.c5 Qc7 13.a3 Rad8 14.b4 Bc8 15.Bd3 Rfe8 16.Re1 Bf8
17.h3 g6 18.Qd2 Nh5 19.Ne2 Bg7 20.a4 e5 21.dxe5 Nxe5 22.Bxe5 Bxe5 23.Nxe5 Rxe5
24.Nd4 Rde8 25.Rxe5 Qxe5 26.Bf1 Nf6 27.b5 Ne4 28.Qe3 axb5 29.Bxb5 Re7 30.c6 Qd6
31.Re1 Rc7 32.f3 Nf6 33.Qe5 Qxe5 34.Rxe5 bxc6 35.Bxc6 Ra7 36.Re1 Kf8 37.Kf2 Bd7
38.Ra1 Ra6 39.Bb5 Bxb5 40.Nxb5 Ke7 41.Ke3 Nd7 42.Kd4 Nb6 43.a5 Nc4 44.Kxd5 Nxa5
45.Ra3 Nc6 46.Re3+ Kd7 47.Kc5 Nd8 48.Rd3+ Ke7 49.Nd4  1/2-1/2

[Event "10th EICC w"]
[Site "St Petersburg RUS"]
[Date "2009.03.17"]
[Round "9"]
[White "Nebolsina,V"]
[Black "Aginian,N"]
[Result "1-0"]
[WhiteElo "2312"]
[BlackElo "2335"]

1.d4 d5 2.c4 c6 3.Nc3 Nf6 4.e3 e6 5.Nf3 Nbd7 6.Bd3 dxc4 7.Bxc4 b5 8.Bd3 Bd6
9.O-O O-O 10.b3 Bb7 11.Bb2 Rc8 12.e4 e5 13.Ne2 exd4 14.Nexd4 Re8 15.Nf5 Bf8
16.Qc1 h6 17.Qf4 Nc5 18.Nxh6+ gxh6 19.Bxf6 Qxf6 20.Qxf6 Nxd3 21.Rad1 Nc5
22.Ne5 Re7 23.f3 Rce8 24.Ng4 Re6 25.Qf4 Kg7 26.b4 Na4 27.Rd7 R8e7 28.Rd8 Ba6
29.Ne3 Re8 30.Nf5+ Kg6 31.Qg3+ Kh7 32.Rd7 Rf6 33.Qc7 Kg8 34.Rfd1 Bc8 35.Rd8 Rxd8
36.Rxd8 Bxf5 37.exf5 Rxf5 38.Rxf8+  1-0

[Event "10th EICC w"]
[Site "St Petersburg RUS"]
[Date "2009.03.17"]
[Round "9"]
[White "Tarasova,Viktoriy"]
[Black "Baciu,D"]
[Result "1-0"]
[WhiteElo "2257"]
[BlackElo "2107"]

1.d4 d5 2.c4 c6 3.Nf3 Nf6 4.Nc3 e6 5.e3 Nbd7 6.Bd3 dxc4 7.Bxc4 b5 8.Bd3 Bb7
9.e4 b4 10.Na4 c5 11.e5 Nd5 12.O-O cxd4 13.Re1 Be7 14.Nxd4 O-O 15.Qg4 Re8
16.Bb5 Kh8 17.Bd2 a6 18.Bc6 Bxc6 19.Nxc6 Qc7 20.Rac1 Qb7 21.Nxe7 Rxe7 22.b3 a5
23.Nb2 N7b6 24.Nc4 Nxc4 25.bxc4 Nb6 26.Re3 Nd7 27.Rh3 Ree8 28.Bg5 Nxe5 29.Qh4 h6
30.Bf6  1-0

[Event "TCh-AUT 1st Bundesliga 2008-9"]
[Site "Ansfelden AUT"]
[Date "2009.03.19"]
[Round "8"]
[White "Lipka,J"]
[Black "Halvax,G"]
[Result "1-0"]
[WhiteElo "2426"]
[BlackElo "2187"]

1.Nf3 Nf6 2.c4 e6 3.Nc3 d5 4.d4 c6 5.e3 Nbd7 6.Qc2 Bd6 7.b3 O-O 8.Be2 a6
9.Bb2 Re8 10.O-O dxc4 11.bxc4 e5 12.Rfd1 Qe7 13.a4 e4 14.Nd2 Nf8 15.Nf1 h5
16.Qb3 Ng4 17.Ba3 Bxa3 18.Qxa3 Qf6 19.f3 exf3 20.Bxf3 Qh6 21.Qc1 Qe6 22.c5 Nf6
23.e4 Qe7 24.e5 Ng4 25.Ne4 Be6 26.Nd6 Red8 27.Rb1 Rd7 28.h3 Nh6 29.Bxh5 Nf5
30.Bg4 Nxd6 31.cxd6 Qh4 32.Ne3 Bxg4 33.Nxg4 Ne6 34.Qe3 Re8 35.Rb2 c5 36.dxc5 Rc8
37.Rc2 Qd8 38.Rc4 Qa5 39.Rdc1 Rc6 40.Nf2 Rd8 41.Qc3 Qxc3 42.R1xc3 Rdc8 43.Nd3 a5
44.Rb3 Nxc5 45.Rxc5 Rxc5 46.Nxc5 Rxc5 47.Rxb7 Kh7 48.Rb5 Rc1+ 49.Kf2 Kg6
50.d7  1-0

[Event "TCh-AUT 1st Bundesliga 2008-9"]
[Site "Ansfelden AUT"]
[Date "2009.03.19"]
[Round "8"]
[White "Weiss,C"]
[Black "Gustafsson,J"]
[Result "1/2-1/2"]
[WhiteElo "2424"]
[BlackElo "2634"]

1.d4 d5 2.c4 c6 3.Nf3 Nf6 4.Nc3 e6 5.e3 Nbd7 6.Be2 Bd6 7.O-O O-O 8.Qc2 dxc4
9.Bxc4 a6 10.Bd3 c5 11.Rd1 cxd4 12.exd4 b6 13.Bg5 h6 14.Ne4 Be7 15.Bxf6 Nxf6
16.Nxf6+ Bxf6 17.Be4 Ra7 18.Rac1 Rd7 19.Rd3 Rd6 20.a4 Bd7 21.h3 Qb8 22.b3 b5
23.Ne5 Rc8 24.Bh7+ Kxh7 25.Rc3+ Kg8 26.Nxd7 Rxc3 27.Nxf6+ gxf6 28.Qxc3 Rd5
29.Qc8+ Qxc8 30.Rxc8+ Kg7 31.Rc6 bxa4 32.bxa4 a5 33.Rc4 e5 34.dxe5 fxe5 35.f4 exf4
36.Rxf4 f5 37.g4 Kg6 38.Kg2 fxg4 39.hxg4 Rd2+ 40.Kg3 Rd3+ 41.Kh4 Ra3 42.Rc4 Kf6
43.Rc6+ Kg7 44.Rc7+ Kg6 45.Rc6+ Kg7  1/2-1/2

[Event "10th EICC w"]
[Site "St Petersburg RUS"]
[Date "2009.03.19"]
[Round "11"]
[White "Limontaite,S"]
[Black "Zakurdjaeva,I"]
[Result "0-1"]
[WhiteElo "2206"]
[BlackElo "2295"]

1.d4 e6 2.c4 Nf6 3.Nf3 d5 4.Nc3 c6 5.e3 Nbd7 6.Bd3 Bd6 7.e4 dxe4 8.Nxe4 Nxe4
9.Bxe4 Nf6 10.Bc2 b6 11.O-O h6 12.Ba4 Bb7 13.c5 bxc5 14.dxc5 Bxc5 15.Qc2 Qb6
16.b4 Bd6 17.Be3 Qc7 18.Qb2 O-O 19.Bxh6 a5 20.a3 Rfb8 21.Qc3 axb4 22.axb4 c5
23.Ra2 cxb4 24.Qe3 Ng4  0-1

[Event "10th EICC w"]
[Site "St Petersburg RUS"]
[Date "2009.03.19"]
[Round "11"]
[White "Ushenina,A"]
[Black "Solovjova,V"]
[Result "1/2-1/2"]
[WhiteElo "2499"]
[BlackElo "2324"]

1.d4 d5 2.c4 c6 3.Nc3 Nf6 4.Nf3 e6 5.e3 Nbd7 6.Qc2 Bd6 7.g4 h6 8.h3 dxc4
9.e4 e5 10.Bxc4 Qe7 11.Be2 Bb4 12.dxe5 Nxe5 13.Bd2 Nxf3+ 14.Bxf3 Be6 15.a3 Ba5
16.Bg2 O-O-O 17.O-O-O Bc7 18.f4 Qc5 19.Rhe1 g5 20.e5 Nd7 21.Be3 Qa5 22.fxg5 Nxe5
23.gxh6 Nc4 24.Qf2 Nxa3 25.Bd4 Qg5+ 26.Be3 Qa5 27.Bd4 Qg5+  1/2-1/2